| 000 | 00485nam a22001817a 4500 | ||
|---|---|---|---|
| 999 |
_c7938 _d7938 |
||
| 003 | OSt | ||
| 005 | 20220804144830.0 | ||
| 008 | 220804b ||||| |||| 00| 0 eng d | ||
| 020 | _a19911011042164 | ||
| 040 | _cDDC | ||
| 082 |
_aQV 744 A21C 2018 _b22/41983 |
||
| 100 |
_aKumar,Ravi.k _916132 |
||
| 245 | _aAtextbook of pharmaceutical inorganic chemistry | ||
| 260 |
_aCanada; _bSIA : _c2018 |
||
| 300 |
_ax,340p; _bill: _c27cm |
||
| 650 |
_aInorganic chemistry _9799 |
||
| 942 |
_2ddc _cBOOK |
||